000
00275nam a22001217a 4500
008
181207b xxu||||| |||| 00| 0 eng d
041
_a
eng
080
_a
821
100
_a
23
101
_a
GJU
245
_a
The World Complete Powers Library
_c
James.R
942
_2
udc
_c
BK
999
_c
52984
_d
52984